000 00444nam a22001697a 4500
003 macl
005 20160115141949.0
008 160115b xxu||||| |||| 00| 0 eng d
040 _cmacl
041 _aEnglish
082 _a385/jha
100 _aJha Uday Shankar
_932594
245 _aChallenges And Issues Of Modernisation In Indian Railways
260 _aNew Delhi
_bSumit Enterprises
_c2011
650 _aRailways
_932595
942 _2ddc
_cBK
999 _c52445
_d52445